[Event "Stay Safe Play From Home 219"]
[Site "T#646719Emanuel Laske"]
[Date "2020.06.11"]
[Round "3"]
[White "Lazieri3"]
[Black "Haris kollari 13"]
[Result "1-0"]
[WhiteElo "2135"]
[BlackElo "1907"]
[Annotator "NA RC"]
[PlyCount "111"]
[EventDate "2020.06.11"]
[EventType "swiss (blitz)"]

1. e4 {[%emt 0:00:02]} e6 {[%emt 0:00:01]} 2. e5 {[%emt 0:00:01]} d5 {[%emt 0:00:01]} 3. exd6 {[%emt 0:00:01]} cxd6 {[%emt 0:00:00]} 4. d4 {[%emt 0:00:00]} d5 {[%emt 0:00:01]} 5. c3 {[%emt 0:00:00]} Bd6 {[%emt 0:00:01]} 6. Nf3 {[%emt 0:00:00]} Bd7 {[%emt 0:00:01]} 7. Bd3 {[%emt 0:00:00]} Bc6 {[%emt 0:00:01]} 8. O-O {[%emt 0:00:01]} Nf6 {[%emt 0:00:01]} 9. h3 {[%emt 0:00:01]} Nbd7 {[%emt 0:00:01]} 10. Re1 {[%emt 0:00:01]} Rc8 {[%emt 0:00:01]} 11. Bg5 {[%emt 0:00:02]} Bb8 {[%emt 0:00:02]} 12. Nbd2 {[%emt 0:00:01]} Qc7 {[%emt 0:00:01]} 13. Bh4 {[%emt 0:00:05]} h6 {[%emt 0:00:15]} 14. Bg3 {[%emt 0:00:01]} Qb6 {[%emt 0:00:02]} 15. Bxb8 {[%emt 0:00:01]} Rxb8 {[%emt 0:00:05]} 16. Qb3 {[%emt 0:00:02]} O-O {[%emt 0:00:03]} 17. Qxb6 {[%emt 0:00:02]} axb6 {[%emt 0:00:01]} 18. Ne5 {[%emt 0:00:15]} Nxe5 {[%emt 0:00:02]} 19. dxe5 {[%emt 0:00:00]} Nd7 {[%emt 0:00:01]} 20. f4 {[%emt 0:00:01]} Ra8 {[%emt 0:00:02]} 21. Nb3 {[%emt 0:00:01]} Nc5 {[%emt 0:00:06]} 22. Bc2 {[%emt 0:00:01]} Ra7 {[%emt 0:00:13]} 23. Nd4 {[%emt 0:00:01]} Rfa8 {[%emt 0:00:03]} 24. a3 {[%emt 0:00:01]} b5 {[%emt 0:00:05]} 25. Rad1 {[%emt 0:00:06]} Re8 {[%emt 0:00:05]} 26. f5 {[%emt 0:00:05]} Raa8 {[%emt 0:00:07]} 27. Rd2 {[%emt 0:00:12]} Bd7 {[%emt 0:00:09]} 28. Rf2 {[%emt 0:00:08]} exf5 {[%emt 0:00:03]} 29. Nxf5 {[%emt 0:00:08]} Bxf5 {[%emt 0:00:05]} 30. Rxf5 {[%emt 0:00:00]} Re7 {[%emt 0:00:01]} 31. Rf4 {[%emt 0:00:29]} Rae8 {[%emt 0:00:02]} 32. Rb4 {[%emt 0:00:01]} Rxe5 {[%emt 0:00:09]} 33. Rxe5 {[%emt 0:00:00]} Rxe5 {[%emt 0:00:01]} 34. Rxb5 {[%emt 0:00:00]} Ne6 {[%emt 0:00:04]} 35. Rxb7 {[%emt 0:00:02]} g6 {[%emt 0:00:01]} 36. a4 {[%emt 0:00:10]} Nf4 {[%emt 0:00:03]} 37. a5 {[%emt 0:00:04]} Re2 {[%emt 0:00:05]} 38. Ba4 {[%emt 0:00:02]} Rxg2+ {[%emt 0:00:04]} 39. Kf1 {[%emt 0:00:03]} Rh2 {[%emt 0:00:13]} 40. a6 {[%emt 0:00:02]} Rh1+ {[%emt 0:00:02]} 41. Kf2 {[%emt 0:00:01]} Ra1 {[%emt 0:00:05]} 42. b3 {[%emt 0:00:02]} Nd3+ {[%emt 0:00:03]} 43. Ke3 {[%emt 0:00:02]} Nc5 {[%emt 0:00:01]} 44. Rb8+ {[%emt 0:00:01]} Kg7 {[%emt 0:00:02]} 45. a7 {[%emt 0:00:01]} Nxa4 {[%emt 0:00:02]} 46. bxa4 {[%emt 0:00:01]} Rxa4 {[%emt 0:00:02]} 47. a8=Q {[%emt 0:00:01]} Re4+ {[%emt 0:00:01]} 48. Kd3 {[%emt 0:00:02]} Rh4 {[%emt 0:00:01]} 49. Rg8+ {[%emt 0:00:03]} Kf6 {[%emt 0:00:01]} 50. Qd8+ {[%emt 0:00:01]} Kf5 {[%emt 0:00:01]} 51. Qxh4 {[%emt 0:00:00]} g5 {[%emt 0:00:01]} 52. Qxh6 {[%emt 0:00:01]} f6 {[%emt 0:00:01]} 53. Rf8 {[%emt 0:00:01]} Kf4 {[%emt 0:00:03]} 54. Rxf6+ {[%emt 0:00:00]} Kg3 {[%emt 0:00:02]} 55. Qxg5+ {[%emt 0:00:01]} Kxh3 {[%emt 0:00:01]} 56. Rh6# {[%emt 0:00:01] (Lag: Av=0.47s, max=0.7s)} 1-0

[Event "Stay Safe Play From Home 219"]
[Site "T#646719Emanuel Laske"]
[Date "2020.06.11"]
[Round "3"]
[White "Chesstiger9"]
[Black "Trotsky"]
[Result "0-1"]
[WhiteElo "1959"]
[BlackElo "1562"]
[Annotator "TA"]
[PlyCount "58"]
[EventDate "2020.06.11"]
[EventType "swiss (blitz)"]

{[%evp 12,58,12,0,52,52,52,37,66,53,99,70,226,73,139,135,129,112,185,69,75,70,77,82,68,70,97,0,139,96,123,62,236,201,350,96,410,333,356,25,163,-139,-145,-381,-393,-1077,-389,-389,-243]} 1. d4 d5 2. Nf3 e6 3. e3 c5 4. Nbd2 Nc6 5. b3 Nf6 6. Bb2 Bd6 {6...Bd6 scores better than 6...Be7.} 7. a3 Qc7 {D05: Colle System with ...e6.} (7... cxd4 $11 8. exd4 O-O) 8. dxc5 $14 Bxc5 9. Bd3 Bd7 {[#] White is slightly better.} 10. O-O $146 ({Predecessor:} 10. e4 Qf4 11. Qe2 O-O-O 12. b4 Bb6 13. c4 dxe4 14. Nxe4 Nxe4 15. Qxe4 Qxe4+ 16. Bxe4 {1-0 (40) Panesso Rivera,H (2263)-Nino,J (1962) Medellin 2010}) 10... Ng4 11. h3 h5 $2 (11... Nge5 $14) 12. e4 $2 (12. hxg4 hxg4 13. Bxg7 Rg8 $14) (12. Bxg7 $18 {has better winning chances.} Rg8 13. Bb2 (13. hxg4 hxg4 14. Bb2 gxf3 $16) 13... Nxf2 {[%mdl 64] Remove Defender} 14. Rxf2) 12... Bd6 (12... Nxf2 $2 13. Rxf2 Bxf2+ 14. Kxf2 $16) (12... O-O-O $142) 13. exd5 $16 (13. hxg4 $6 hxg4 14. e5 (14. Bxg7 Bh2+ 15. Kh1 Rh5 $15) 14... Nxe5 $11) 13... exd5 14. Re1+ (14. hxg4 $6 hxg4 15. Re1+ (15. Bxg7 Bh2+ 16. Kh1 O-O-O $19) 15... Kf8 $11) 14... Be6 (14... Kf8 $16) 15. c4 (15. Bxg7 Nxf2 16. Kxf2 Bc5+ 17. Kf1 Qg3 $11) (15. Bf5 $18 Nxf2 16. Kxf2) 15... O-O-O $14 16. Qc2 {Black must now prevent cxd5.} (16. Bxg7 Bh2+ 17. Kf1 Nxf2 $17) 16... Kb8 17. c5 Bh2+ 18. Kf1 d4 19. Ne4 (19. hxg4 hxg4 20. Nxh2 Qxh2 $17) ({White should try} 19. b4 $16) 19... f5 (19... Nge5 $11 {remains equal.} 20. Ned2 Bf4) 20. Neg5 $36 {[%mdl 2048] Black is under strong pressure.} Bd5 21. Bxf5 (21. hxg4 hxg4 22. Nxd4 Nxd4 $17) (21. Ne6 $16 Bxe6 22. Rxe6) 21... Bxf3 $2 ({Better is} 21... Nxf2 $1 $14 22. Qxf2 Rhf8) 22. Nxf3 $18 Bg3 (22... Nxf2 {might work better.} 23. Qxf2 Bg3) 23. Re2 $2 (23. hxg4 hxg4 24. fxg3 (24. Bxg4 $2 d3 $19) 24... gxf3 $18) (23. fxg3 $18 Ne3+ 24. Rxe3 dxe3 25. Re1) 23... Nce5 $2 {[%mdl 8192]} (23... Nxf2 $16 24. Rxf2 Bxf2 25. Qxf2 Rhf8) 24. Nxe5 (24. fxg3 Nxf3 25. gxf3 (25. hxg4 Qxg3 26. c6 Nh2+ {[%mdl 64] Double Attack} 27. Kg1 Nf3+ 28. Kf1 Nh2+ {[%mdl 64] Double Attack} 29. Kg1 Nf3+ 30. Kf1 $11) 25... Ne3+ 26. Rxe3 dxe3 $18) (24. hxg4 hxg4 25. fxg3 gxf3 $16) 24... Bxe5 25. Bd3 $2 (25. hxg4 $18 hxg4 26. g3) 25... Rdf8 (25... Bg3 $1 $11 {and Black is okay.} 26. c6 (26. fxg3 Qxg3 27. hxg4 hxg4 $11) (26. hxg4 hxg4 27. fxg3 Qxg3 $11) 26... bxc6 27. hxg4 (27. fxg3 Qxg3 28. hxg4 hxg4 $15) 27... hxg4) 26. Ke1 $2 {[#]} (26. hxg4 $18 {Strongly threatening g5.} hxg4 27. Re4) 26... Nxf2 $1 $17 {[%mdl 576] Hoping for ...Bg3. Remove Defender} 27. Rxf2 $2 (27. Qc4 $17) 27... Bg3 $19 {[%mdl 64] Pin} 28. Qe2 $2 (28. Bxd4 Bxf2+ 29. Bxf2 Qe5+ {[%mdl 64] Double Attack} 30. Be2 Qxa1+ {[%mdl 64] Double Attack} 31. Qd1 Qc3+ 32. Kf1) 28... Qf4 $2 (28... Rxf2 29. Qxf2 Rf8 {[%mdl 64] Pin}) 29. Kd1 Bxf2 {Accuracy: White = 31%, Black = 31%.} 0-1

[Event "Stay Safe Play From Home 219"]
[Site "T#646719Emanuel Laske"]
[Date "2020.06.11"]
[Round "3"]
[White "Haxhi Baha"]
[Black "Weltszmerc"]
[Result "1-0"]
[WhiteElo "1922"]
[BlackElo "2197"]
[Annotator "TA"]
[PlyCount "67"]
[EventDate "2020.06.11"]
[EventType "swiss (blitz)"]

{[%evp 13,66,25,24,0,0,-34,-21,-15,-6,-12,47,48,53,42,109,112,152,97,1369,1385,1362,1352,1213,1200,1232,1232,1416,1405,1793,1756,1966,2027,1957,1906,1677,1445,29972,29968,2058,1760,1739,1722,1471,1381,29979,1450,1630,1523,29992,29993,29998,29998,29998,29999,29999]} 1. e4 Nf6 2. Nc3 d5 3. exd5 Nxd5 4. Qf3 c6 5. Bc4 e6 6. Nge2 Nd7 7. d4 Be7 {[#]} 8. h4 $146 {B02: Alekhine's Defence: Chase Variation and lines with early Nc3.} ({Predecessor:} 8. Nxd5 cxd5 9. Bd3 O-O 10. h4 Nf6 11. Bg5 Bd7 12. O-O-O Bc6 13. Ng3 a6 14. Kb1 Bb5 15. Bxf6 Bxf6 {1-0 (24) Ollenberger,R (2238)-Vonthron,H (2345) Germany 2019}) 8... N7f6 9. Bd2 b5 10. Bd3 {The position is equal.} a5 11. g4 a4 (11... Nb4 $11) 12. g5 $14 Nd7 13. a3 Bb7 (13... N7b6 $14) 14. Nxd5 $16 exd5 15. Nf4 $40 {[%mdl 128] White goes for the king.} ({White should try} 15. Ng3) 15... Kf8 $2 {[%mdl 8192] This costs Black the game.} (15... O-O $16) 16. Ne6+ $18 {[%mdl 64] Double Attack} Kg8 17. Nxd8 Rxd8 18. Bb4 Bxb4+ 19. axb4 Re8+ 20. Kd2 Nf8 21. Rae1 Ne6 22. h5 Rf8 23. Qg4 Bc8 24. Qh4 f6 25. gxf6 Rxf6 {[#]} 26. Rhg1 $1 {Qxf6 would kill now.} Kf7 27. Rg2 Rf8 28. Reg1 Kg8 {[#]} 29. h6 (29. Rxg7+ $142 $1 Nxg7 30. h6 {[%mdl 64] Pin} Rg6 31. Bxg6 hxg6 32. Rxg6 {[%mdl 64] Double Attack, Pin} Rf7 33. hxg7 Rxg7 34. Rh6) 29... g6 {[#]} 30. Bxg6 $1 Kh8 (30... Rxg6 31. Rxg6+) 31. Bd3 {White mates.} Nf4 {[#]} 32. Rg8+ $1 {[%mdl 64] Deflection} Rxg8 33. Qxf6+ {[%mdl 64] Double Attack} Rg7 34. Qxg7# {Accuracy: White = 73%, Black = 37%.} 1-0

[Event "Stay Safe Play From Home 219"]
[Site "T#646719Emanuel Laske"]
[Date "2020.06.11"]
[Round "3"]
[White "Matanant"]
[Black "Don59as"]
[Result "0-1"]
[WhiteElo "1800"]
[BlackElo "2007"]
[Annotator "NA RC"]
[PlyCount "146"]
[EventDate "2020.06.11"]
[EventType "swiss (blitz)"]

1. b3 {[%emt 0:00:04]} d5 {[%emt 0:00:02]} 2. Bb2 {[%emt 0:00:00]} c5 {[%emt 0:00:01]} 3. e3 {[%emt 0:00:01]} Nc6 {[%emt 0:00:01]} 4. f4 {[%emt 0:00:04]} d4 {[%emt 0:00:04]} 5. Bb5 {[%emt 0:00:06]} Nf6 {[%emt 0:00:08]} 6. Nf3 {[%emt 0:00:02]} Bg4 {[%emt 0:00:03]} 7. O-O {[%emt 0:00:02]} e6 {[%emt 0:00:09]} 8. Qe2 {[%emt 0:00:06]} Be7 {[%emt 0:00:05]} 9. e4 {[%emt 0:00:04]} O-O {[%emt 0:00:07]} 10. Bxc6 {[%emt 0:00:03]} bxc6 {[%emt 0:00:01]} 11. d3 {[%emt 0:00:01]} a5 {[%emt 0:00:05]} 12. a4 {[%emt 0:00:02]} Nd7 {[%emt 0:00:04]} 13. e5 {[%emt 0:00:04]} f6 {[%emt 0:00:04]} 14. Nbd2 {[%emt 0:00:02]} fxe5 {[%emt 0:00:02]} 15. fxe5 {[%emt 0:00:01]} Qe8 {[%emt 0:00:06]} 16. Qe4 {[%emt 0:00:02]} Bxf3 {[%emt 0:00:11]} 17. Nxf3 {[%emt 0:00:02]} Rc8 {[%emt 0:00:01]} 18. Bc1 {[%emt 0:00:03]} Qg6 {[%emt 0:00:01]} 19. Qxg6 {[%emt 0:00:06]} hxg6 {[%emt 0:00:00]} 20. Bd2 {[%emt 0:00:01]} Bd8 {[%emt 0:00:06]} 21. Rae1 {[%emt 0:00:03]} Bc7 {[%emt 0:00:02]} 22. Re2 {[%emt 0:00:03]} Rf5 {[%emt 0:00:01]} 23. Rfe1 {[%emt 0:00:10]} Rcf8 {[%emt 0:00:01]} 24. Re4 {[%emt 0:00:13]} Bd8 {[%emt 0:00:11]} 25. R1e2 {[%emt 0:00:02]} g5 {[%emt 0:00:02]} 26. h3 {[%emt 0:00:02]} Kh7 {[%emt 0:00:01]} 27. Be1 {[%emt 0:00:04]} Rxf3 {[%emt 0:00:08]} 28. gxf3 {[%emt 0:00:02]} Rxf3 {[%emt 0:00:00]} 29. Kg2 {[%emt 0:00:03]} Rf5 {[%emt 0:00:01]} 30. Bg3 {[%emt 0:00:02]} Bc7 {[%emt 0:00:04]} 31. h4 {[%emt 0:00:07]} Kg6 {[%emt 0:00:08]} 32. hxg5 {[%emt 0:00:02]} Rxg5 {[%emt 0:00:01]} 33. Kf3 {[%emt 0:00:08]} Rf5+ {[%emt 0:00:02]} 34. Bf4 {[%emt 0:00:03]} Kf7 {[%emt 0:00:03]} 35. Kg4 {[%emt 0:00:05]} g5 {[%emt 0:00:04]} 36. Bg3 {[%emt 0:00:04]} Kg6 {[%emt 0:00:02]} 37. Kh3 {[%emt 0:00:11]} Rf3 {[%emt 0:00:04]} 38. Kg2 {[%emt 0:00:03]} Rf5 {[%emt 0:00:01]} 39. Rf2 {[%emt 0:00:02]} Nb6 {[%emt 0:00:06]} 40. Rxf5 {[%emt 0:00:03]} Kxf5 {[%emt 0:00:00]} 41. Re2 {[%emt 0:00:02]} Nd5 {[%emt 0:00:01]} 42. Rf2+ {[%emt 0:00:02]} Nf4+ {[%emt 0:00:02]} 43. Bxf4 {[%emt 0:00:02]} gxf4 {[%emt 0:00:00]} 44. Kf3 {[%emt 0:00:02]} Bxe5 {[%emt 0:00:01]} 45. Rh2 {[%emt 0:00:02]} Bf6 {[%emt 0:00:02]} 46. Rh7 {[%emt 0:00:01]} e5 {[%emt 0:00:01]} 47. Rc7 {[%emt 0:00:02]} c4 {[%emt 0:00:03]} 48. bxc4 {[%emt 0:00:02]} e4+ {[%emt 0:00:01]} 49. dxe4+ {[%emt 0:00:01]} Ke5 {[%emt 0:00:01]} 50. Rxc6 {[%emt 0:00:01]} Bh4 {[%emt 0:00:00]} 51. Rc5+ {[%emt 0:00:02]} Kd6 {[%emt 0:00:00]} 52. Rd5+ {[%emt 0:00:01]} Kc6 {[%emt 0:00:02]} 53. Kxf4 {[%emt 0:00:00]} Be1 {[%emt 0:00:01]} 54. Kf5 {[%emt 0:00:00]} Bc3 {[%emt 0:00:02]} 55. e5 {[%emt 0:00:01]} d3 {[%emt 0:00:00]} 56. e6 {[%emt 0:00:01]} dxc2 {[%emt 0:00:01]} 57. Rd6+ {[%emt 0:00:01]} Kxd6 {[%emt 0:00:01]} 58. e7 {[%emt 0:00:00]} Kxe7 {[%emt 0:00:01]} 59. Ke4 {[%emt 0:00:01]} c1=Q {[%emt 0:00:02]} 60. Kd5 {[%emt 0:00:00]} Bb4 {[%emt 0:00:01]} 61. Kc6 {[%emt 0:00:00]} Qxc4+ {[%emt 0:00:01]} 62. Kb6 {[%emt 0:00:01]} Qc5+ {[%emt 0:00:02]} 63. Kb7 {[%emt 0:00:01]} Qc2 {[%emt 0:00:02]} 64. Ka6 {[%emt 0:00:01]} Qxa4 {[%emt 0:00:00]} 65. Ka7 {[%emt 0:00:01]} Qb3 {[%emt 0:00:00]} 66. Kb7 {[%emt 0:00:00]} Bd2+ {[%emt 0:00:01]} 67. Kc6 {[%emt 0:00:00]} a4 {[%emt 0:00:00]} 68. Kc5 {[%emt 0:00:01]} a3 {[%emt 0:00:01]} 69. Kd4 {[%emt 0:00:00]} a2 {[%emt 0:00:00]} 70. Ke4 {[%emt 0:00:00]} a1=Q {[%emt 0:00:02]} 71. Kf5 {[%emt 0:00:00]} Qaa4 {[%emt 0:00:01]} 72. Kg6 {[%emt 0:00:00]} Qg3+ {[%emt 0:00:01]} 73. Kf5 {[%emt 0:00:01]} Qaf4# {[%emt 0:00:01] (Lag: Av=0.82s, max=1.3s)} 0-1

[Event "Stay Safe Play From Home 219"]
[Site "T#646719Emanuel Laske"]
[Date "2020.06.11"]
[Round "3"]
[White "EnigmaG"]
[Black "Timbre"]
[Result "0-1"]
[WhiteElo "1686"]
[BlackElo "1585"]
[Annotator "NA RC"]
[PlyCount "50"]
[EventDate "2020.06.11"]
[EventType "swiss (blitz)"]

1. e4 {[%emt 0:00:02]} c6 {[%emt 0:00:14]} 2. d4 {[%emt 0:00:02]} d5 {[%emt 0:00:01]} 3. exd5 {[%emt 0:00:00]} cxd5 {[%emt 0:00:02]} 4. Nf3 {[%emt 0:00:01]} Nc6 {[%emt 0:00:01]} 5. Bd3 {[%emt 0:00:01]} a6 {[%emt 0:00:02]} 6. O-O {[%emt 0:00:01]} Bg4 {[%emt 0:00:01]} 7. Bf4 {[%emt 0:00:03]} Bxf3 {[%emt 0:00:03]} 8. Qxf3 {[%emt 0:00:02]} Nxd4 {[%emt 0:00:01]} 9. Qg3 {[%emt 0:00:05]} Ne6 {[%emt 0:00:04]} 10. Re1 {[%emt 0:00:08]} Nxf4 {[%emt 0:00:03]} 11. Qxf4 {[%emt 0:00:00]} e6 {[%emt 0:00:01]} 12. Nc3 {[%emt 0:00:03]} Nf6 {[%emt 0:00:01]} 13. Qg5 {[%emt 0:00:05]} h6 {[%emt 0:00:02]} 14. Qh4 {[%emt 0:00:02]} Nd7 {[%emt 0:00:04]} 15. Qg4 {[%emt 0:00:03]} Qg5 {[%emt 0:00:03]} 16. Qa4 {[%emt 0:00:07]} Be7 {[%emt 0:00:05]} 17. Ne2 {[%emt 0:00:12]} Rd8 {[%emt 0:00:07]} 18. c4 {[%emt 0:00:01]} dxc4 {[%emt 0:00:03]} 19. Bxc4 {[%emt 0:00:01]} O-O {[%emt 0:00:01]} 20. Bd3 {[%emt 0:00:04]} Nc5 {[%emt 0:00:03]} 21. Qf4 {[%emt 0:00:07]} Nxd3 {[%emt 0:00:06]} 22. Qe4 {[%emt 0:00:12]} Nxe1 {[%emt 0:00:02]} 23. Rxe1 {[%emt 0:00:00]} Bf6 {[%emt 0:00:03]} 24. b3 {[%emt 0:00:02]} Rd5 {[%emt 0:00:02]} 25. Nf4 {[%emt 0:00:03]} Re5 {[%emt 0:00:02] EnigmaG resigns (Lag: Av=0.58s, max=0.7s)} 0-1

[Event "Stay Safe Play From Home 219"]
[Site "T#646719Emanuel Laske"]
[Date "2020.06.11"]
[Round "3"]
[White "Edmatuag"]
[Black "Position"]
[Result "0-1"]
[WhiteElo "1661"]
[BlackElo "1986"]
[Annotator "TA"]
[PlyCount "58"]
[EventDate "2020.06.11"]
[EventType "swiss (blitz)"]

{[%evp 9,58,46,57,62,81,62,62,31,87,57,75,40,39,39,51,44,39,45,39,43,60,59,57,35,56,-50,-50,-52,-45,-46,-42,-188,-188,-218,-222,-230,-223,-233,-184,-344,-337,-348,-343,-326,-293,-362,-346,-545,-538,-753,-745]} 1. e4 c5 2. Nf3 d6 3. d4 cxd4 4. Nxd4 e6 5. c4 a6 6. Nc3 {B41: Sicilian: Kan Variation: 5 c4.} h6 7. Be3 Nf6 {[#]} 8. f4 $146 {White is slightly better.} ({Predecessor:} 8. Nc2 Nc6 9. Be2 Be7 10. a3 Bd7 11. O-O O-O 12. Qd2 Rc8 13. b3 Na5 14. Rab1 {1-0 (54) Vujic,A (1627)-Obajdin,J Krapinske Toplice 2014}) 8... Qc7 ({Better is} 8... e5 $14) 9. Bd3 Nbd7 10. Nb3 b6 11. O-O Bb7 12. Kh1 Be7 13. Qe2 O-O 14. Rac1 Nc5 15. Nxc5 $1 bxc5 16. b3 Bc6 17. Qf2 (17. Bc2 $14) 17... Ng4 $15 18. Qf3 Nxe3 19. Qxe3 Bf6 20. f5 {Now White is beyond hope.} (20. Be2 $15) 20... Bg5 $19 21. Qg3 Bxc1 22. Rxc1 Qe7 23. Rf1 {[#] And now f6! would win.} exf5 24. Nd5 $2 (24. Rxf5 {was necessary.} Rfe8 25. h3) 24... Bxd5 $1 25. exd5 Rae8 26. Bxf5 Qe5 27. Qg4 h5 {[%mdl 64] Decoy} 28. Qxh5 (28. Qd1 $142) 28... g6 {[%mdl 64] Double Attack} 29. Qg4 {[#]} Qxf5 $1 {[%mdl 512] Accuracy: White = 39%, Black = 89%.} 0-1

[Event "Stay Safe Play From Home 219"]
[Site "T#646719Emanuel Laske"]
[Date "2020.06.11"]
[Round "3"]
[White "Tobo Rubirosa"]
[Black "Fingerfehler1"]
[Result "1-0"]
[WhiteElo "1657"]
[BlackElo "1633"]
[Annotator "NA RC"]
[PlyCount "89"]
[EventDate "2020.06.11"]
[EventType "swiss (blitz)"]

1. Nf3 {[%emt 0:00:02]} d5 {[%emt 0:00:03]} 2. d4 {[%emt 0:00:00]} g6 {[%emt 0:00:01]} 3. c4 {[%emt 0:00:01]} c6 {[%emt 0:00:07]} 4. cxd5 {[%emt 0:00:03]} cxd5 {[%emt 0:00:04]} 5. g3 {[%emt 0:00:01]} Bg7 {[%emt 0:00:01]} 6. Bg2 {[%emt 0:00:00]} Nc6 {[%emt 0:00:02]} 7. Nc3 {[%emt 0:00:01]} Nf6 {[%emt 0:00:04]} 8. O-O {[%emt 0:00:01]} O-O {[%emt 0:00:02]} 9. Ne5 {[%emt 0:00:01]} Bf5 {[%emt 0:00:08]} 10. Nxc6 {[%emt 0:00:02]} bxc6 {[%emt 0:00:01]} 11. Bf4 {[%emt 0:00:03]} Qd7 {[%emt 0:00:06]} 12. Na4 {[%emt 0:00:03]} Bh3 {[%emt 0:00:10]} 13. Rc1 {[%emt 0:00:02]} Bxg2 {[%emt 0:00:03]} 14. Kxg2 {[%emt 0:00:01]} Ne4 {[%emt 0:00:04]} 15. Nc5 {[%emt 0:00:03]} Nxc5 {[%emt 0:00:02]} 16. Rxc5 {[%emt 0:00:03]} h6 {[%emt 0:00:07]} 17. Be3 {[%emt 0:00:02]} e5 {[%emt 0:00:19]} 18. dxe5 {[%emt 0:00:03]} Kh7 {[%emt 0:00:03]} 19. Qc2 {[%emt 0:00:03]} Bxe5 {[%emt 0:00:05]} 20. Rc1 {[%emt 0:00:01]} Rfc8 {[%emt 0:00:04]} 21. Qd2 {[%emt 0:00:05]} Rab8 {[%emt 0:00:05]} 22. b3 {[%emt 0:00:02]} Bg7 {[%emt 0:00:11]} 23. Bd4 {[%emt 0:00:02]} a6 {[%emt 0:00:09]} 24. Bxg7 {[%emt 0:00:03]} Kxg7 {[%emt 0:00:00]} 25. Qd4+ {[%emt 0:00:02]} f6 {[%emt 0:00:03]} 26. e3 {[%emt 0:00:01]} Rb5 {[%emt 0:00:05]} 27. Qc3 {[%emt 0:00:02]} Qb7 {[%emt 0:00:09]} 28. Rxc6 {[%emt 0:00:04]} Rxc6 {[%emt 0:00:05]} 29. Qxc6 {[%emt 0:00:01]} Qxc6 {[%emt 0:00:02]} 30. Rxc6 {[%emt 0:00:01]} a5 {[%emt 0:00:01]} 31. Ra6 {[%emt 0:00:03]} g5 {[%emt 0:00:04]} 32. f4 {[%emt 0:00:05]} Kg6 {[%emt 0:00:02]} 33. Kf3 {[%emt 0:00:01]} h5 {[%emt 0:00:03]} 34. h3 {[%emt 0:00:02]} Kf5 {[%emt 0:00:07]} 35. g4+ {[%emt 0:00:01]} hxg4+ {[%emt 0:00:01]} 36. hxg4+ {[%emt 0:00:01]} Kg6 {[%emt 0:00:01]} 37. f5+ {[%emt 0:00:02]} Kf7 {[%emt 0:00:01]} 38. Ra7+ {[%emt 0:00:02]} Ke8 {[%emt 0:00:01]} 39. Ra6 {[%emt 0:00:06]} Kf7 {[%emt 0:00:06]} 40. Re6 {[%emt 0:00:02]} a4 {[%emt 0:00:03]} 41. bxa4 {[%emt 0:00:04]} Ra5 {[%emt 0:00:01]} 42. Rd6 {[%emt 0:00:01]} Rxa4 {[%emt 0:00:02]} 43. Rxd5 {[%emt 0:00:01]} Rxa2 {[%emt 0:00:00]} 44. Rd7+ {[%emt 0:00:01]} Ke8 {[%emt 0:00:03]} 45. Rb7 {[%emt 0:00:01] Zeit (Lag: Av=0.80s, max=1.4s)} 1-0

[Event "Stay Safe Play From Home 219"]
[Site "T#646719Emanuel Laske"]
[Date "2020.06.11"]
[Round "3"]
[White "Klasman"]
[Black "Greblah"]
[Result "1-0"]
[WhiteElo "1645"]
[BlackElo "1914"]
[Annotator "TA"]
[PlyCount "35"]
[EventDate "2020.06.11"]
[EventType "swiss (blitz)"]

{[%evp 9,34,0,1,0,9,0,0,0,95,-17,-21,-23,7,0,0,0,52,39,42,42,54,0,0,3,29998,29999,29999]} 1. f4 c6 2. Nf3 d5 3. e3 Nf6 4. c4 Bg4 5. d4 {[#]} Nbd7 $146 ({Predecessor:} 5... e6 6. Bd3 Ne4 7. O-O f5 8. Qb3 Qb6 9. Ne5 Bh5 10. Nc3 Nd7 11. Nxd7 Qxb3 12. axb3 Kxd7 {1-0 (48) Rodriguez Yuste,M (2234)-Garrido Olivares,R (2216) Madrid 2011}) 6. Be2 {A03: Bird's Opening with 1...d5.} Ne4 7. cxd5 cxd5 8. Nc3 {The position is equal.} Ndf6 (8... e6 $11) 9. Ne5 (9. Qb3 $16) 9... Bxe2 $11 10. Qxe2 Qb6 11. O-O $36 {[%mdl 2048] White is more active.} e6 12. f5 Bb4 (12... exf5 $11 13. Rxf5 Nxc3 14. bxc3 Be7) 13. fxe6 $14 fxe6 14. Nxe4 dxe4 15. Rxf6 (15. Ng4 $14) 15... gxf6 $11 16. Qh5+ Ke7 $2 {[%mdl 8192] [#]} (16... Kd8 $11 17. Nf7+ {[%mdl 64] Double Attack} Kc7) 17. Qf7+ Kd6 18. Qd7# {Accuracy: White = 73%, Black = 39%.} 1-0

[Event "Stay Safe Play From Home 219"]
[Site "T#646719Emanuel Laske"]
[Date "2020.06.11"]
[Round "4"]
[White "Indianquant"]
[Black "Haxhi Baha"]
[Result "1-0"]
[WhiteElo "2339"]
[BlackElo "1950"]
[Annotator "TA"]
[PlyCount "71"]
[EventDate "2020.06.11"]
[EventType "swiss (blitz)"]

{[%evp 13,71,13,72,62,62,68,81,75,72,56,58,66,96,85,110,117,143,137,185,189,264,198,243,252,308,298,388,400,377,358,377,316,452,368,400,394,435,414,516,381,464,418,471,454,424,349,368,339,1067,765,797,798,798,795,783,776,750,701,677,487]} 1. Nf3 c5 2. c4 Nc6 3. Nc3 g6 4. e3 Bg7 5. d4 cxd4 6. exd4 d6 7. h3 Nf6 (7... e6 $11 {remains equal.}) 8. d5 $16 {A35: Symmetrical English: 2 Nc3 Nc6 3 Nf3.} Ne5 9. Nxe5 dxe5 10. Be2 {White is better.} O-O 11. Be3 {[#]} b6 $146 ({Predecessor:} 11... Ne8 12. O-O Nd6 13. Bd3 Nf5 14. Bxf5 gxf5 15. f3 Kh8 16. Qd2 f4 17. Bf2 Rg8 {1-0 (41) Karavade,E (2370)-Wang,D (2188) Xingtai 2019}) 12. O-O h5 13. Rc1 Bd7 14. b4 {[%cal Bb2b4,Bb4c5,Bc5c6][%mdl 32]} Rc8 15. Qb3 Bf5 16. Rfd1 Ne4 (16... Kh7 {was necessary.} 17. c5 bxc5) 17. Nb5 Qd7 18. c5 {aiming for c6.} bxc5 19. bxc5 Rb8 20. c6 Qc8 21. Bxa7 Ra8 22. a4 {[%cal Ba2a4,Ba4a5][%mdl 32]} Nd6 (22... Qa6 $142 23. g4 Rxa7 24. gxf5 Qxa4 25. Qxa4 Rxa4) 23. Bb6 e4 24. a5 Bh6 25. Rc3 e3 26. Nxd6 exd6 27. Bxe3 Bxe3 28. Rxe3 Rxa5 29. Bf3 Qc7 30. Rde1 {Strongly threatening g4.} Rb8 $2 (30... Qd8 31. Qc3 Ra7) 31. Qxb8+ {[%mdl 64] [#] Remove Defender. White is clearly winning.} Qxb8 32. Re8+ Qxe8 33. Rxe8+ Kg7 34. g4 hxg4 35. hxg4 Ra1+ 36. Kg2 {White took control after the opening. Accuracy: White = 80%, Black = 36%.} 1-0